Giữ vững tính nguyên tắc trong vận dụng và phát triển lý luận của chủ nghĩa Mác - Lê nin, tư tưởng Hồ Chí Minh /

Đã lưu trong:
書目詳細資料
主要作者: Lê Kim Việt.
格式: Bài viết
語言:Vietnamese
主題:
標簽: 添加標簽
沒有標簽, 成為第一個標記此記錄!
Thư viện lưu trữ: Thư viện Trường Đại học Đà Lạt
LEADER 00804nam a2200241 4500
001 DLU180183837
005 ##20180307
040 # # |a DLU  |b vie 
041 # # |a vie 
044 # # |a vn 
100 # # |a Lê Kim Việt. 
245 # # |a Giữ vững tính nguyên tắc trong vận dụng và phát triển lý luận của chủ nghĩa Mác - Lê nin, tư tưởng Hồ Chí Minh /  |c Lê Kim Việt. 
653 # # |a Chủ nghĩa Mác - Lênin 
653 # # |a Tư tưởng Hồ Chí Minh 
773 # # |t Tạp chí Lý luận Chính trị  |g Số 6, 2014, tr. 24-27 
920 # # |a Phòng Tạp chí --Trung tâm Thông tin - Thư viện Trường Đại học Đà Lạt 
900 # # |a True 
911 # # |a Lê Thị Hồng 
925 # # |a G 
926 # # |a A 
927 # # |a BB 
980 # # |a Thư viện Trường Đại học Đà Lạt